• AIU
  • Tony Wilmot Memorial Library

Guiding faculty to excellence : (Record no. 35251)

MARC details
000 -LEADER
fixed length control field 00691nam a22001931a 4500
020 ## - INTERNATIONAL STANDARD BOOK NUMBER
International Standard Book Number 9719325003
Terms of availability 0.00
040 ## - CATALOGING SOURCE
Original cataloging agency NEGST Library - Kenya
082 ## - DEWEY DECIMAL CLASSIFICATION NUMBER
Classification number LB 2832.2.B768 2002
100 ## - MAIN ENTRY--PERSONAL NAME
Personal name Brown, Gordon B.
245 ## - TITLE STATEMENT
Title Guiding faculty to excellence :
Remainder of title instructional supervision in the Christian School...,(accompanied with 1 CD-ROM)
Statement of responsibility, etc Gordon B. Brown
Medium [Text]
250 ## - EDITION STATEMENT
Edition statement 2nd ed.
260 ## - PUBLICATION, DISTRIBUTION, ETC. (IMPRINT)
Place of publication, distribution, etc Colorado Springs , CO
Name of publisher, distributor, etc Purposeful Design Publications
Date of publication, distribution, etc c2002
300 ## - PHYSICAL DESCRIPTION
Extent xii, 215 p.;
500 ## - GENERAL NOTE
General note Includes bibliography
600 ## - SUBJECT ADDED ENTRY--PERSONAL NAME
Personal name Christian teachers - Training of
600 ## - SUBJECT ADDED ENTRY--PERSONAL NAME
Personal name Church schools - Administration
852 ## - LOCATION/CALL NUMBER
-- 28.00
942 00 - ADDED ENTRY ELEMENTS (KOHA)
Koha issues (borrowed), all copies 5
Holdings
Withdrawn status Lost status Source of classification or shelving scheme Damaged status Not for loan Collection code Home library Current library Shelving location Date acquired Cost, normal purchase price Total Checkouts Total Renewals Full call number Barcode Date last seen Date checked out Copy number Price effective from Koha item type
    Library of Congress Classification     General Circulation AIU/NEGST - Tony Wilmot Memorial Library AIU/NEGST - Tony Wilmot Memorial Library General Stacks 11/17/2009 28.00 9 4 LB 2832.2.B768 2002 R36126W3232 09/02/2019 02/14/2018 1 11/17/2009 Books